00849 2200301 4500001002100000005001500021007000300036008004100039035002000080040001700100041000800117082001100125084001700136090002200153100002900175245008100204250001200285264003700297300003500334336002100369337003000390338002300420504002700443650001300470700003500483850001000518990001900528INLIS00000000000757520260602110944ta260602 0  a0010-0922000064 aSBPUPADbInd07aInd a616.01 a616.01 RIA m a616.01 RIA m 18-10 aRiana AfriadiePengarang1 aWaspada Penyakit Yang Ditularkan Hewan /cRiana Afriadi ;Editor,Rissa Yanuar a.-Cet.1 a.--Bandung; :bPuri Delco,c2008 a56 hlm :billus, ;c15 x 21 cm 2rdacontentateks 2rdamediaatanpa perantara 2rdacarrieravolume aBibliografi hlm. 55-56 4aPenyakit0 aEditor,Rissa YanuarePengarang aPUPAD a440/S/KAPD/PDG